The emotions: facts, theories, and a new model.

Bibliographic Details
Main Author: Plutchik, Robert
Format: Book
Language:English
Published: New York : Random House, [1962]
Series:Random House studies in psychology ; PP24.
Subjects:

MARC

Tag First Indicator Second Indicator Subfields
LEADER 00000cam a22000001 4500
001 in00000052130
005 20151007080330.0
008 730109s1962 nyua 00000 eng
010 |a  62016210  
035 |a (OCoLC)00222745 
035 |9 AAF4630AM 
040 |a DLC  |c DLC  |d CLU  |d TXA  |d UtOrBLW 
049 |a TXAM  |c [355180] 
050 0 0 |a BF561  |b .P5 
082 0 |a 157 
092 |a 157  |b P734e 
100 1 |a Plutchik, Robert. 
245 1 4 |a The emotions: facts, theories, and a new model. 
264 1 |a New York :  |b Random House,  |c [1962] 
300 |a 204 pages :  |b illustrations ;  |c 18 cm. 
336 |a text  |b txt  |2 rdacontent 
337 |a unmediated  |b n  |2 rdamedia 
338 |a volume  |b nc  |2 rdacarrier 
490 1 |a Studies in psychology, PP24 
650 0 |a Emotions. 
830 0 |a Random House studies in psychology ;  |v PP24. 
999 |a MARS 
999 f f |s 50a1fcef-9841-3967-90f0-31ba151e9e51  |i fa23788c-297e-356f-8094-9f8ff7fe5a9b  |t 0 
952 f f |p ric  |a Texas A&M University  |b Rellis Campus  |c Joint Library Facility  |d Remote Storage  |t 0  |e BF561 .P5  |h Library of Congress classification  |i unmediated -- volume  |m A14800528021 
998 f f |a BF561 .P5  |t 0  |l Remote Storage